[Event "Euwe Intern 2005/2006"]
[Site "?"]
[Date "2006.04.20"]
[Round "3.8"]
[White "van der Weide, Piet"]
[Black "Witt, Rob"]
[Result "1-0"]
[WhiteElo "2183"]
[BlackElo "2247"]
[Annotator "Witt,Rob"]
[PlyCount "51"]
[EventDate "2006.01.13"]

{De 8e ronde van de derde periode was een nieuw dieptepunt met slechts 5
interne partijen. De strijd om de derde periodetitel lijkt alleen nog te gaan
tussen Piet van der Weide en Alje Hovenga. Gelukkig was er nog een wedstrijd
van het derde team en was het bekerteam van onze satellietclub De Eenhoorn in
de bar aan het trainen voor hun bekermatch tegen HSG. Vooral omdat op het eind
van de avond bleek dat het derde team verrassend gepromoveerd was, werd het
toch nog laat en gezellig.} 1. d4 d5 2. c4 dxc4 {Geen Slavisch omdat ik
vermoedde dat Piet dan de ruilvariant zou spelen. Hij speelt normaal nooit 2.
c4. Bovendien had ik een half jaar geleden van hem gewonnen met het Aangenomen
Damegambiet.} 3. Nf3 e6 4. e3 Nf6 5. Bxc4 a6 6. a4 {Deze principiële variant
speelde Piet de vorige keer ook.} c5 7. O-O Nc6 8. Nc3 ({Nauwkeuriger is
volgens mij eerst} 8. Qe2 cxd4 ({Interessant is ook} 8... Qc7) 9. Rd1 Be7 10.
exd4 O-O 11. Nc3 {met een overbekende stelling waar zwart moet kiezen tussen
Pcb4 of Pd5 en dus niet Dc7?}) 8... Be7 (8... cxd4 9. exd4 Nb4 10. Bg5 Be7 11.
Qb3 Nc6 12. Rfd1 Na5 {Van der Weide -Witt, Euwe Intern 6-10-2005 (34.0-1)}) 9.
Qe2 cxd4 10. Rd1 Qc7 $6 {Zonder enig nadenken speelde ik deze volstrekt
belachelijke zet.} (10... O-O 11. exd4 {leidt weer tot bovengenoemde bekende
stelling.}) ({Maar zwart kan hier al gelijkspel bereiken met} 10... e5 11. exd4
exd4 12. Nxd4 Nxd4 13. Qe5 Qd6 14. Qxd6 Bxd6 15. Rxd4 {en nu Lc5 of Le5. Dit
is de reden waarom 8.De2 nauwkeuriger was geweest.}) 11. exd4 O-O 12. Bg5 {
5' Pas nu drong het tot me door dat de zwarte dame helemaal niet goed staat op
c7. Er staan toch nog 30 partijen met deze stelling in mijn database, maar wit
scoort 80%.} h6 {21'} ({Fritz zet} 12... Qd8 {bovenaan zijn lijstje en
misschien is dat relatief nog het beste en had ik dat met het schaamrood op de
kaken moeten doen. Er was tenslotte toch weinig publiek.}) 13. Bh4 Nb4 $2 {
A tempo gespeeld, nieuw en slecht. Het beste was misschien} (13... Nh5 {
en de grote Ivan Sokolov kon er niet doorkomen tegen een veel zwakkere speler.}
14. Bxe7 Nxe7 15. Ba2 Nf6 16. Rac1 Qd6 17. Ne5 Bd7 18. Bb1 Ned5 19. Nxd5 exd5
20. a5 Rac8 21. Qd2 Rxc1 22. Rxc1 Rc8 23. Rxc8+ Bxc8 24. f3 Be6 25. Qc3 g6 26.
Qc5 Qd8 27. h3 Nd7 28. Qd6 $2 (28. Nxd7 $14) 28... Qh4 29. Nxd7 Qxd4+ 30. Kh1
Bxd7 31. Qxd7 Qd1+ 32. Kh2 Qxb1 33. Qxd5 Qf5 {Deze laatste zet zal wel niet
gespeeld zijn, zwart kon gewoon op b2 slaan. 1/2-1/2 Sokolov,I - Thorhallsson,
Selfoss 2003}) 14. Rac1 Qd8 {Droeve noodzaak. Ik heb 2 tempi minder in een
bekend type stelling waar wit sowieso aanvalskansen heeft in ruil voor een
mindere pionnenstructuur. Zoiets kun je wel aan Piet overlaten.} 15. Ne5 $16
Nfd5 {27'} 16. Bxe7 {12'} Nxe7 (16... Qxe7 {faalt op} 17. Ng6 fxg6 18. Nxd5
Nxd5 19. Bxd5) 17. Ne4 Ned5 {Ik wilde voorkomen met de opstelling van mijn
twee paarden voorkomen dat wit een van zijn torens via de derde rij naar mijn
koningsvleugel zou brengen. Bovendien komt de witte loper nu niet zo makkelijk
op de diagonaal b1-h7.} 18. Qh5 {14'} b6 {33'} 19. Ng4 {Deze zet kwam voor mij
als een verrassing. Ik weet niet zeker of het objectief de beste is, maar in
de praktijk in ieder geval wel. Ik doe het meteen weer fout.} Qe7 $2 {37'} ({
Noodzakelijk was} 19... Ra7 $1 {en het is niet zo duidelijk hoe wit nou het
beste zijn aanval kan voeren. Ik had die zet ook wel gezien, maar ik had geen
zin om er lang over na te denken. De inspiratie en concentratie was volkomen
zoek na mijn slechte openingsopzet en bovendien zag ik niet wat er mis was met
het normaler ogende De7.}) ({Verliezend is} 19... Bb7 $2 {wegens} 20. Nxh6+
gxh6 21. Qxh6 Re8 (21... f5 22. Rc3 $1 $18) 22. Bxd5 Nxd5 23. Rd3 {enz.}) 20.
Bxd5 $1 {22' Winnend, al had ik dat zelf niet door.} Nxd5 21. Rd3 {28' Ik kan
eze zet moeilijk een vraagteken geven want hij is mooi en wint ook, maar nog
krachtiger en nauwkeuriger was} (21. Nxh6+ gxh6 22. Rd3 {wat leidt tot de
partij.}) 21... Nf4 {55' Ik had de partij vrijdagavond naar Wim gestuurd
zonder op dit moment een alternatief te noemen. Afgelopen zaterdag zei Piet
tot mijn verbazing dat ik me hier nog had kunnen verdedigen met Kh7 en g6. Ik
geloof inderdaad dat het niet duidelijk is. Het beste dat ik voor wit heb
kunnen vinden is:} (21... Kh7 22. Nxh6 g6 23. Ng5+ Kg7 24. Nf5+ $1 exf5 25.
Qh7+ Kf6 26. Qh6 $1 Qd8 27. Nh7+ Ke7 28. Nxf8 Qxf8 29. Qh4+ Kd7 {en zwart doet
nog mee.}) 22. Nxh6+ gxh6 $2 {Ik zag nog niet dat ik hierna verloren sta,
omdat ik wits 24e zet niet gezien had. Piet gaf achteraf terecht aan dat ik
hier had moeten kiezen voor} (22... Kh8 $1 {maar hij had ook al gezien wat nu
het beste vervolg is, nl.} 23. Nf5+ $1 ({Vooral niet het voor de hand liggende
} 23. Nxf7+ $2 Kg8 {en wit komt niet verder. Bijv.} 24. Nh6+ (24. Rc7 $2 Qxf7 (
24... Qxc7 $2 25. Nf6+)) 24... gxh6 25. Rg3+ Kh7 26. Ng5+ Qxg5 27. Rxg5 Nxh5
28. Rc7+ Kh8 29. Rxh5 Rf6 $15) 23... Nxh5 24. Nxe7 {en wit staat een gezonde
pion voor en heeft de betere stelling.} Nf4 25. Re3 $1 (25. Rf3 e5) 25... Bd7
26. Rc7 {en wit staat op winst.}) 23. Qxh6 {31'} Nxd3 24. Rc7 $1 {Pas na deze
voltreffer was het ook mij duidelijk dat ik kon opgeven.} Bd7 25. Rxd7 Rfc8 26.
h3 {en ik complimenteerde Piet met zijn goeie spel. Alje mocht blij zijn met
remise tegen Jos, zodat Piet nu de grootste kanshebber is voor de derde
periode.} 1-0

[Event "Euwe Intern 2005/2006"]
[Site "?"]
[Date "2006.04.27"]
[Round "3.9"]
[White "Witt, Rob"]
[Black "Bödicker, Rob"]
[Result "1-0"]
[WhiteElo "2247"]
[BlackElo "2087"]
[Annotator "Witt"]
[PlyCount "57"]
[EventDate "2006.01.13"]

{In onze vorige partij van dit seizoen had ik ook wit. Ik opende toen voor de
verandering 1.e4 en na een interessante Franse Doorschuifvariant won zwart. Ik
stelde daarom voor dat hij nu wit kreeg maar hij wilde liever opnieuw met
zwart. Waarschijnlijk hoopte hij opnieuw op het Frans, maar daar trapte ik
deze keer niet in.} 1. d4 Nf6 2. c4 e6 3. Nc3 d5 4. Nf3 c6 5. Bg5 Nbd7 {
Dit heb ik Bödicker al eerder zien spelen, ik meen tegen Arne Moll. Kennelijk
heeft hij geen vertrouwen meer in het duizelingwekkende labyrint van de
Botwinnik.} (5... dxc4 6. e4 b5 7. e5 h6 8. Bh4 g5 9. Nxg5 hxg5 10. Bxg5 Nbd7 {
enz.}) 6. e3 Qa5 {Aha, de Cambridge Springs. Deze opening ontleent zijn naam
aan een plaatsje in Pennsylvania dat begin 19e eeuw gesticht werd door Duitse
en Ierse kolonisten, die hun grond kochten van de Holland Land Company.
Omstreeks 1860 ontdekte men de minerale bronnen terwijl men eigenlijk op zoek
was naar olie. In 1904 organiseerde de schatrijke eigenaar van de Riverside
Inn, een zeer luxieus hotel met 270 kamers, een groot internationaal toernooi.
Het toernooi werd een groot succes voor Frank Marshall, die met 13-15 won,
twee punten voor wereldkampioen Lasker en Janowski. Andere grootheden uit die
tijd als Schlechter, Chigorin en Harry Nelson Pillsbury (dat klinkt toch wel
beter dan Rob Witt of Arne Moll) eindigden in de middenmoot. Het verhaal gaat
dat de hoteleigenaar in alle stations tussen New York en Chicago lithografieën
had opgehangen om reclame te maken voor zijn hotel.} 7. Nd2 {De andere
hoofdvariant begint met} (7. cxd5 Nxd5 8. Qd2 {Onze webmaster heeft hier
decennialang de voorkeur gegeven aan 8.Db3 maar dat heeft Oude Brunink hem
vorig seizoen afgeleerd.}) ({Je kunt trouwens in deze opening heel wat fout
doen. Bijv.} 7. Bd3 $2 dxc4 ({De meeste openingsboeken geven} 7... Ne4 $1 $17 {
maar dat valt erg mee na} 8. Bxe4 dxe4 9. Ne5 {bijv.} f6 (9... Nxe5 10. dxe5
Bb4 11. O-O $13) 10. Nxd7 Qxg5 11. Nxf8 Qxg2 12. Qh5+ g6 13. Nxg6 Qxh1+ 14. Kd2
Qxa1 15. Nxh8+ Kd8 16. Kc2 {met goeie compensatie.}) 8. Bxf6 Qb4 $1 $15) ({
Nog een bekende truc komt na} 7. Bxf6 Nxf6 8. Rc1 Ne4 9. a3 Nxc3 10. Rxc3 $2
Bxa3 $1 $19) 7... Bb4 ({Een belangrijk alternatief is} 7... dxc4 8. Bxf6 Nxf6
9. Nxc4 Qc7 {Ik heb deze stelling een keer in de knsb 80 zetten lang verdedigd
tegen Loek van Wely. Uiteindelijk was zijn goede tegen mijn slechte loper
beslissend.}) 8. Qc2 O-O 9. Be2 ({Timman geeft de voorkeur aan} 9. a3 {Een zet
die ook door Kasparov zelf is gespeeld in de match tegen Smyslov in 1984.} dxc4
10. Bxf6 Nxf6 11. Nxc4 Bxc3+ 12. bxc3 ({Kasparov speelde} 12. Qxc3 Qxc3+ 13.
bxc3 c5 14. Be2) 12... Qd5 13. Bd3 b5 14. e4 Qg5 15. Ne5 Qxg2 16. O-O-O Qg5+
17. Qd2 Qxd2+ 18. Kxd2 Bb7 19. Ke3 c5 20. Rb1 a6 21. a4 Rfc8 22. axb5 axb5 23.
Rxb5 cxd4+ 24. cxd4 Ba6 25. Rc5 Bxd3 26. Rxc8+ Rxc8 27. Kxd3 Ra8 28. Rb1 Ra3+
29. Kc4 Ra4+ 30. Kd3 Ra3+ 31. Kc4 {1/2-1/2 Timman - Kasparov, Praag 1998}) 9...
Re8 {Zwart stuurt aan op e5. Dat wordt ook wel meteen gespeeld.} (9... e5 10.
dxe5 ({Beter is} 10. O-O exd4 11. Nb3 Qc7 12. Nxd4 Bxc3 13. bxc3 dxc4 14. Bxc4)
10... Ne4) ({Interessant is ook} 9... c5) 10. O-O {8'} e5 {9'} 11. a3 $1 {
19' Dit blijkt niet gebruikelijk te zijn.} ({Mijn eerste gedachte was ook het
gangbare} 11. dxe5 {maar ik zag er vanaf wegens} Bxc3 ({Waarom speelt iedereen
} 11... Rxe5) 12. Nb3 Qb6 13. bxc3 {slaan op f6 leek me ook niks bijzonders.}
Ne4 14. Bf4 ({In aanmerking komt misschien} 14. e6) 14... Nxe5 15. cxd5 cxd5 {
en deze stelling beviel me niet zo, hoewel het ongeveer gelijk zal staan.})
11... Bxc3 {11'} ({Achteraf zei Bödicker dat hij misschien niet had moeten
ruilen. Maar na} 11... Bd6 12. cxd5 {staat wit duidelijk beter.}) 12. bxc3 e4
$2 {Deze posioneel slechte zet speelde zwart a tempo. Bekend was nog} (12...
exd4 13. cxd4 Ne4 14. Nxe4 dxe4 15. Bh4 $14 {Murey - Lederman, Ramat Hasharon
1979 (57.1-0)}) 13. Nb3 {28' Wit heeft hier meerdere goede zetten.} (13. Bh4
$14) (13. cxd5 $14) 13... Qa4 {17'} 14. cxd5 cxd5 15. Rfc1 $5 {38'} ({Een
ander idee was} 15. Qa2 b6 16. Nd2 Ba6 17. c4 {Ik wilde echter de zwarte loper
passief laten.}) 15... b6 $6 {20' Hierna staat zwart slecht. Zijn beste kans
leek me} (15... h6 16. Bh4 g5 17. Bg3 Nb6 {waarop ik} 18. Qa2 $14 {gepland had.
}) 16. Nd2 Qc6 $2 {22' Hoopt iets op de koningsvleugel te ondernemen.} ({
Taaier was m.i.} 16... Qxc2 17. Rxc2 Bb7 18. Rac1 {al is het geen pretje voor
zwart.}) 17. Qb3 Qe6 {25'} 18. a4 {47'} Qf5 19. Bh4 Nf8 $6 {34'} ({Misschien
toch maar} 19... Bb7 20. a5 Rec8 21. Qb4 $16) 20. a5 {50' over 40'} bxa5 $2 {
40' over 50'} (20... Be6 21. axb6 axb6 22. Qxb6 Rab8 23. Qa5) 21. Bxf6 gxf6 22.
Rxa5 Be6 23. Qa3 Qg6 {44'} 24. Rxa7 {31'} Rxa7 {41'} 25. Qxa7 f5 26. g3 {
was niet echt noodzakelijk.} ({Sterk was} 26. c4 dxc4 27. Nxc4 Rc8 28. Qb7)
26... Nd7 $2 {36' Bödicker heeft niet echt zijn dag, maar goede raad was al
duur.} 27. c4 {29'} dxc4 $2 {A tempo deze blunder.} (27... Nf6 28. c5 $18) 28.
d5 {met stukwinst.} c3 29. Rxc3 1-0

[Event "Euwe Intern 2005/2006"]
[Site "?"]
[Date "2006.05.11"]
[Round "3.10"]
[White "Witt, Rob"]
[Black "Nijenhuis, Wim"]
[Result "1-0"]
[WhiteElo "2247"]
[BlackElo "1984"]
[Annotator "Nijenhuis/Witt"]
[PlyCount "69"]
[EventDate "2006.01.13"]

1. Nf3 Nf6 2. c4 e6 3. Nc3 d5 4. d4 Bb4 5. cxd5 ({Die paar keer dat ik tegen
de Ragozinvariant van het Damegambiet (Nimzo-indisch?) gespeeld heb, deed ik
altijd} 5. Qa4+ Nc6 6. cxd5 exd5 7. Bg5 h6 8. Bxf6 Qxf6 9. e3 O-O 10. Be2 {
De laatste keer was ook tegen Wim begin 2005. Wim speelde toenhetongebruikelij
ke maar niet slechte} Bf5 {Ik besloot deze keer wat anders te spelen.}) 5...
exd5 6. Bg5 h6 7. Bh4 {Ik meende dat Kasparov een keer zo gespeeld had tegen
Short, maar dat bleek een andere opening te zijn. De zet is in ieder geval
veel scherper dan het solide Lxf6 dat ook veel gespeeld wordt.} g5 ({Een
belangrijk alternatief is} 7... c5 8. e3 g5 (8... Nc6) 9. Bg3 Ne4 10. Bb5+ Kf8
11. dxc5 Nxc3 12. bxc3 Bxc3+ 13. Ke2 Bxa1 14. Qxa1 f6 15. h4 g4 16. Nd4 Kf7 17.
Bd3 Nd7 18. Qc3 Ne5 19. Nb5 Qe7 20. Nd6+ Kf8 21. Rd1 b6 22. Bc2 Ba6+ 23. Ke1
Bc4 24. Nxc4 dxc4 25. Rd6 Re8 26. Bxe5 fxe5 27. Qxc4 Qf7 28. Qe4 g3 29. fxg3 {
1-0 Kasparov - Sosonko, Tilburg 1981}) 8. Bg3 Ne4 {Deze stelling stond binnen
enkele minuten op het bord. Maar hier zag ik eigenlijk niet wat ik nu moest
spelen. Ik begon me zelfs af te vragen (ook Wim achteraf) of 7.Lh4 niet fout
was geweest.} 9. Rc1 $6 {Hierna staat eerder zwart beter. De enige methode om
te spelen is een pion offeren met} (9. Nd2 $1 {zo las ik in een boekje van Van
der Sterren uit 1984, "According to Kramnik" van Khalifman en in "Nunn's Chess
Openings". De volgende voorbeelden heeft Wim verzameld.} Nxc3 (9... Nxg3 10.
hxg3 c5 (10... c6 11. Qc2 (11. e3 Bf5 12. Nf3 Nd7 13. Bd3 Qf6 14. a3 Bxc3+ 15.
bxc3 Qg6 16. Bxf5 Qxf5 17. a4 $14 {Suetin-Zilberstein, SSSR 1979-28/533}) 11...
Be6 12. e3 Nd7 13. Bd3 Nf6 (13... Qf6 $6 14. Qb3 $1 c5 15. Bb5 Rc8 16. O-O Bxc3
17. bxc3 b6 18. Bxd7+ Bxd7 19. Qxd5 $16 {Timman-Smyslov, Tilburg 1979}) 14. a3
Be7 15. Nf3 Ng4 16. O-O-O $14 {Geller-Gipslis, SSSR 1958}) 11. a3 (11. dxc5 Nc6
$1 (11... d4 $6 12. Nce4 $16) 12. e4 $5 (12. e3 d4 $1 $132) 12... Bxc3 13. bxc3
Qe7 14. Qe2 Be6 15. exd5 Bxd5 16. Qxe7+ Nxe7 (16... Kxe7 $5) 17. Bb5+ Kf8 18.
O-O Rc8 19. c4 Be6 20. Ne4 a6 21. Ba4 Bxc4 22. Rfd1 {Polugaevsky-Sosonko,
Tilburg 1983-36/494} Rc7 $1 $11) 11... Bxc3 (11... cxd4 $5 12. axb4 dxc3 13.
bxc3 Qf6 14. e3 Be6 $13 {EAd7}) 12. bxc3 Nc6 13. e3 Qa5 (13... Bf5 $6 14. Bb5 (
14. Be2 Qe7 15. g4 Bg6 16. Nf1 c4 17. Ng3 O-O-O 18. O-O Qe6 19. Re1 Kb8 20. Bf3
Be4 21. Bxe4 dxe4 22. Rb1 Ne7 23. f3 exf3 24. Qxf3 Nd5 25. Nh5 Rhg8 26. e4 Nf4
27. Rb5 Nxh5 28. gxh5 Rd7 29. Qf5 Rc8 30. Rf1 Rc6 31. Re5 Qxf5 32. Rexf5 Ra6
33. Rf6 Rxa3 34. Rxh6 b5 35. Rh8+ Kb7 36. h6 Ra6 37. Rb1 Rb6 38. h7 Rh6 39.
Rxb5+ Ka6 40. Rhb8 Rxh7 41. Rb1 {1-0 Geller,E-Sosonko,G/Biel 1976/IZT}) 14...
Qa5 15. Qf3 $1 Qxc3 (15... Qxb5 16. Qxf5 $16) (15... Bg6 16. Bxc6+ bxc6 17. Qf6
$16) 16. O-O Bg6 (16... Be6 17. Bxc6+ bxc6 18. Qf6 Kd7 19. Nf3 $16) 17. Qxd5
O-O 18. Nf3 cxd4 19. Rfc1 $1 $16 {E c6, d4 Timman-Sosonko, Tilburg 1984-38/529}
) 14. a4 a6 (14... Bf5 $6 15. Bb5 a6 16. Bxc6+ bxc6 17. O-O $16 {EAb3}) 15. Rc1
Kf8 $5 $13 {ENg7}) 10. bxc3 Bxc3 11. Rc1 Bb2 $1 (11... Bxd2+ $6 12. Qxd2 Nc6
13. h4 $16 {Adorjan-Kurajica, Sarajevo 1982-33/538}) (11... Ba5 12. Qc2 (12. e3
c6 13. Bd3 Be6 (13... Nd7 $6 14. O-O Nf6 15. Be5 O-O 16. Nb3 Bc7 17. f4 g4 18.
Qe1 $16) 14. O-O (14. h4 $5 g4 15. Be5) 14... Nd7 15. f4 f6 16. Nb3 Bc7 17.
Qh5+ Bf7 18. Bg6 Qe7 19. fxg5 Bxg3 20. Bxf7+ Qxf7 21. g6 Qg7 22. hxg3 Rg8 23.
Na5 Rb8 $13 {Plachetka-Cvetkovic, Stary Smokovec 1981-32/502}) (12. e4 $5 dxe4
$6 (12... c6 $14) 13. Rc5 c6 {Kouatly-P.Blatny, Trnava 1986} 14. Bc4 $1 $40) (
12. h4 g4 13. e3 Nc6 $6 (13... O-O 14. Bd3 c6 15. O-O $44) 14. Bb5 Bd7 15. Rc5
$1 Qe7 16. O-O Bb4 17. Rxd5 Bd6 18. Nc4 Bxg3 19. fxg3 O-O-O 20. Qa4 $16 {
Halifman-Serper, St Peterburg}) 12... Nc6 (12... c6 13. h4 g4 14. e3 (14. Be5
$5 $14) 14... Bc7 15. Bxc7 Qxc7 16. g3 Be6 17. Bd3 Nd7 18. O-O O-O $15) 13. e3
O-O (13... Qe7 14. Bb5 Bd7 15. O-O $14) 14. h4 g4 15. Be2 Re8 16. Qd1 h5 17.
Bb5 Bd7 18. Rc5 $36 {Kortchnoi-Hasin, SSSR (ch) 1961}) 12. Rxc7 (12. Bxc7 Qd7
13. Be5 Bxc1 14. Bxh8 Ba3 $13) 12... Na6 (12... Nc6 $2 13. e3 Ba3 14. Bb5 $16)
13. Rc2 Bxd4 14. e3 Bg7 15. Bxa6 bxa6 16. O-O (16. Nb3 Bd7 17. Qxd5 O-O 18. O-O
Bb5 19. Qxd8 Rfxd8 20. Rfc1 $14) 16... Bd7 17. Qf3 $1 Bb5 18. Rd1 O-O 19. Nb3
Rc8 20. Rxc8 Qxc8 21. Qxd5 $14 {Epishin-Sosonko,Ter Apel-54/409}) (9. Qc2 h5
10. O-O-O $6 Bxc3 11. bxc3 Qe7 12. h4 Qa3+ 13. Qb2 Qxc3+ 14. Qxc3 Nxc3 $17 {
Winants}) (9. Qb3 Nc6 10. O-O-O $5 Bxc3 11. bxc3 Na5 12. Qb4 Nc4 13. e3 a5 14.
Qb3 Qe7 $13 {Bohm-Skrobek, Polanica Zdroj 1981-32/501}) 9... h5 $1 {6'} 10. h4
{17'} ({Het alternatief is om een stuk te offeren en een beetje te rommelen.} 
10. Qa4+ Nc6 11. Ne5 Bd7 12. Qb3 h4 13. Qxd5 {Vreemd dat Bosboom-Lanchava deze
stelling 2x gespeeld heeft.} Nd6 14. Nxc6 Bxc6 15. Qe5+ Kd7 16. d5 Bb5 17. Bf4
gxf4 18. Qxf4 {maar dit kan toch niks zijn voor wit.}) 10... Nxg3 11. fxg3 Qd6
$146 {13'} (11... Bd6 12. hxg5 Bxg3+ 13. Kd2 c6 14. e3 $13 Bg4 15. Bd3 Nd7 16.
Ne2 Qa5+ 17. Kc2 Bd6 18. Qe1 Qxe1 19. Rcxe1 O-O-O 20. Nf4 Rdg8 21. Nh3 Rg7 22.
e4 dxe4 23. Rxe4 f6 24. gxf6 Nxf6 25. Ree1 Nd5 26. Be4 Rhg8 27. Ne5 Nf6 28. Bd3
Bb4 29. Rc1 Rd8 30. Nf4 Nd5 31. Nxh5 Bxh5 32. Rxh5 Rxg2+ 33. Kb3 Rg3 34. Rch1
Bd6 35. R1h3 Bxe5 36. dxe5 Rxh3 {A-A Polgar-Horvath (36)}) (11... g4) 12. Kf2
gxh4 {22'} ({Op} 12... g4 $2 {volgt sterk} 13. Nb5 $1) 13. Rxh4 {26'} Rg8 14.
Kg1 $1 {28' "De beste zet van de partij", zou Arne zeggen. Ik vond mijn
stelling op dit moment nog op zijn minst verdacht. Deze op zich verrassende
zet laat zwart de meeste keus zodat dat tijd gaat kosten.} Bxc3 {36'} 15. Rxc3
Qxg3 $2 {Dit kost teveel tijd. De pion was toch zwak, Wim had beter zijn
ontwikkeling kunnen voltooien met bijv.} (15... Nc6) (15... Be6) 16. Rxh5 {
32' Het is toch wel verrassend om te moeten concluderen dat wit hier duidelijk
beter staat.} (16. Qb3 {kwam ook in aanmerking.}) 16... c6 {50'} (16... Be6 17.
Qb3 b6 18. Ne5 Qf4 19. e3 {gevolgd door Txc7+-}) 17. Rxd5 {39' Ik dacht
tijdens de partij dat dit min of meer gedwongen was, maar er was een nog
sterker alternatief.} (17. Ne5 {geeft ook voordeel, maar nog sterker was}) (17.
Re5+ $1 Be6 18. Qb3 Nd7 (18... b5 19. e4 $1 {is vrijwel winnend.}) 19. Qxb7 Rd8
20. Qxc6 $18) 17... Nd7 {51' Wim trok het hier al niet meer. Hij dacht alleen
dat hij niet op d5 kon slaan omdat hij dan een stuk verloor. Was vergeten dat
hij onderweg wel een toren geslagen had. Desondanks is op d5 slaan ook goed
voor wit. Bijv.} (17... cxd5 18. Rxc8+ Kd7 (18... Ke7 19. Rxg8 (19. Rc5) 19...
Qxg8 20. Qb3 $16) 19. Rc3 $1 ({Tijdens de partij dacht ik aan} 19. Rc5 Nc6 20.
Rxd5+ Kc7 21. Rc5 $14) 19... Qd6 20. Qb3 b6 21. Ne5+ Ke7 22. Qc2 Nd7 23. Rc7
Rgd8 24. e3 {met groot, vrijwel winnend voordeel.}) (17... Be6 18. Qb3 b6 19.
Re3 $16) 18. Rf5 $1 {50'} Nb6 19. Ne5 $6 {54'} ({Veel sterker was het door Wim
aangegeven} 19. Ng5 $1 {Zwart kan nu niet zijn dame geven voor 2 torens omdat
wit een tussenschaakje op e5 heeft.} Qg4 20. Re3+ Kd8 21. Nxf7+ Kc7 22. Re7+
Kb8 23. Rfe5 $18) (19. Rxf7 Nd5) 19... Qxc3 (19... Bxf5 20. Rxg3 Rxg3) 20. bxc3
Bxf5 21. a4 $1 {Wim had 2 (!) gegeven, maar ik vond 14.Kg1 toch mooier.} Rg7 (
21... f6 22. e4 $1 (22. Qb3)) (21... Be6 22. e4) 22. a5 ({Arne gaf na afloop
aan het nog sterkere} 22. e4 $1 Bxe4 23. Qe2 $18) 22... Nd5 {Beide spelers nog
29'.} 23. c4 {25'} (23. Qe1 $1) 23... Nf4 (23... Ne7 {was iets taaier.}) 24. a6
$1 {Wit staat op winst.} Be4 {16'} (24... f6 25. axb7 Rxb7 26. Nxc6 Rb1 27. Qd2
$18) (24... bxa6 25. Qb3 Nh3+ 26. Kh2 Ng5 27. Qb7 Rc8 28. Nxc6 Bd7 29. Ne5 $18)
(24... b6 25. Nxc6 Nh3+ 26. Kh2 Ng5 27. e3 $18) (24... Nh3+ 25. Kh2 Nf2 26.
axb7 Rb8 27. Qa4 $18) (24... O-O-O 25. axb7+ Kxb7 26. Qb3+ Ka8 27. Qf3 $18) 25.
Qd2 {16' Wim zei na afloop dat hij niet had gezien dat ik over de zwarte
velden ging aanvallen. Over de witte velden ging echter ook en was mogelijk
nog sterker. Bijv.} (25. Qb3 {dreigt zowel Dxb7 als De3 met stukwinst en zwart
heeft niet de manoeuvre Ph3-g5.}) 25... Ne6 {11'} ({Iets beter was} 25... Nh3+
26. Kh2 Ng5 27. axb7 Rb8 28. d5 Rxb7 (28... cxd5 29. Qb4 f6 30. Qa4+ {en wint.}
) 29. Nxc6 $18) 26. Qe3 (26. axb7 $1) 26... f5 {9'} 27. d5 {14'} cxd5 {8'} 28.
axb7 $6 (28. Qh6 $1) 28... Rxb7 {7'} 29. Qh6 Nd8 {4'} 30. c5 {8'} (30. cxd5 $5)
30... d4 {3'} ({Taaier was} 30... Rc8) 31. Qg6+ {6'} Ke7 {2'} 32. Qd6+ Ke8 33.
c6 {5'} Nf7 {1'} 34. Qg6 Bxc6 35. Qg8+ {Let op de l oper op f1. Die maakte
zich in het begin enige zorgen, maar kon later de partij in alle rust volgen
zonder zich in te spannen. Hij moest alleen als een goed raadsheer de koning
terzijde staan.} 1-0